[Event "chess.com Speed 2020"]
[Site "chess.com INT"]
[Date "2020.11.12"]
[Round "1.14"]
[White "Martirosyan,Haik M."]
[Black "Nakamura,Hi"]
[Result "1/2-1/2"]
[WhiteElo "2622"]
[BlackElo "2736"]

1.d4 Nf6 2.Nf3 e6 3.c4 d5 4.Nc3 Be7 5.Bg5 h6 6.Bxf6 Bxf6 7.e3 O-O 8.Rc1 c6
9.Bd3 dxc4 10.Bxc4 Nd7 11.O-O e5 12.d5 Nb6 13.b3 cxd5 14.Bxd5 Qe7 15.Qc2 Rd8
16.Qe4 Kh8 17.Rfd1 g6 18.Qd3 Bf5 19.e4 Bg4 20.h3 Bxf3 21.Qxf3 Bg5 22.Rb1 Rac8
23.Rd3 Kg7 24.Rbd1 Rd7 25.g3 h5 26.h4 Bh6 27.a4 Rcd8 28.a5 Nc8 29.Bc4 Rxd3
30.Rxd3 Rxd3 31.Qxd3 Qd6 32.Nd5 Ne7 33.Nxe7 Qxe7 34.Qd5 a6 35.Kg2 Bc1 36.b4 Bb2
37.b5 Bd4 38.b6 Bc3 39.Kf1 Bb4 40.Ke2 Qe6 41.Qxe6 fxe6 42.Bxe6 Bxa5 43.Bc8 Bxb6
44.Bxb7 a5 45.Bc6 Kf6 46.f3 Bc5 47.Be8 Be7 48.Kd3 Kg7 49.Ke2 Bc5 50.Kf1 Be7
51.Ke2 Kh6 52.Kf2 g5 53.hxg5+ Kxg5 54.Ke2 Bc5 55.Bb5 Bb6 56.Ba4 h4 57.gxh4+ Kxh4
58.Bb5  1/2-1/2

[Event "chess.com Speed 2020"]
[Site "chess.com INT"]
[Date "2020.11.12"]
[Round "1.12"]
[White "Martirosyan,Haik M."]
[Black "Nakamura,Hi"]
[Result "0-1"]
[WhiteElo "2622"]
[BlackElo "2736"]

1.d4 Nf6 2.Nf3 e6 3.c4 d5 4.Nc3 Be7 5.Bg5 h6 6.Bxf6 Bxf6 7.e3 c6 8.Rc1 Nd7
9.Bd3 O-O 10.O-O dxc4 11.Bxc4 e5 12.d5 Nb6 13.b3 cxd5 14.Bxd5 Qe7 15.Qc2 Rd8
16.Qe4 Rb8 17.Rfd1 Kh8 18.a4 g6 19.g4 Be6 20.Bxe6 Qxe6 21.a5 Nd7 22.Nd5 Bg7
23.g5 f5 24.gxf6 Nxf6 25.Nxf6 Bxf6 26.b4 Qf5 27.Qxf5 gxf5 28.Rxd8+ Rxd8 29.Rc7 e4
30.Nd4 Bxd4 31.exd4 Rxd4 32.Rxb7 f4 33.b5 f3 34.h4 Rd1+ 35.Kh2 e3 36.b6 axb6
37.a6 exf2 38.Rb8+ Kh7 39.Rb7+ Kg8 40.a7 Ra1 41.Rb8+ Kf7 42.Rb7+ Ke8 43.Rb8+ Kd7  0-1

[Event "chess.com Speed 2020"]
[Site "chess.com INT"]
[Date "2020.11.12"]
[Round "1.21"]
[White "Nakamura,Hi"]
[Black "Martirosyan,Haik M."]
[Result "1/2-1/2"]
[WhiteElo "2736"]
[BlackElo "2622"]

1.Nf3 Nf6 2.d4 e6 3.c4 b6 4.g3 Ba6 5.b3 Bb4+ 6.Bd2 Be7 7.Nc3 d5 8.cxd5 exd5
9.Bg2 O-O 10.O-O Re8 11.Ne5 Bb7 12.Bg5 Nbd7 13.e3 h6 14.Bxf6 Nxf6 15.Rc1 c6
16.Qc2 Nd7 17.Nd3 a5 18.Qb2 Ba6 19.Rfd1 Rc8 20.Nf4 Bd6 21.Rc2 Qe7 22.Bh3 Rb8
23.Qc1 Nf6 24.Na4 Bb5 25.Bf1 Bxf4 26.exf4 Ne4 27.Bxb5 cxb5 28.Nc3 Nxc3 29.Rxc3 Qe2
30.Rd2 Qg4 31.Rc7 Re6 32.Rc8+ Rxc8 33.Qxc8+ Kh7 34.Qc2+ g6 35.Kg2 Re1 36.Qd3 b4
37.Rc2 Qd1 38.Qxd1 Rxd1 39.Rc6 Rxd4 40.Rxb6 Rd2 41.Rb5 Rxa2 42.Rxd5 Ra3 43.h4 h5
44.f5 Rxb3 45.Rxa5 Rc3 46.Rb5 b3 47.Rb7 gxf5 48.Kf1 Kg6 49.Ke2 Rc2+ 50.Ke3 b2
51.Rb6+ f6 52.Rb7 f4+ 53.gxf4 Kf5 54.f3 Ke6 55.Kd3 Rh2 56.Rb5 Kd6 57.Kc3 Ke6
58.Kd3 Rxh4 59.f5+ Kf7 60.Rxb2 Rf4 61.Rb7+ Kg8 62.Ke3 Rxf5 63.f4 Ra5 64.Kf3 h4
65.Kg4 h3 66.Kxh3 Kf8 67.Kg4 Kg8 68.f5 Kf8 69.Rc7 Kg8 70.Kh5 Rxf5+ 71.Kg6 Rg5+
72.Kxf6 Rg1 73.Rc8+ Kh7 74.Rc7+ Kh6 75.Rc8 Rf1+ 76.Ke7 Re1+ 77.Kf7 Rf1+ 78.Ke7 Re1+
79.Kf7 Rf1+ 80.Ke7  1/2-1/2

[Event "chess.com Speed 2020"]
[Site "chess.com INT"]
[Date "2020.11.12"]
[Round "1.17"]
[White "Nakamura,Hi"]
[Black "Martirosyan,Haik M."]
[Result "1-0"]
[WhiteElo "2736"]
[BlackElo "2622"]

1.e4 e5 2.Nf3 Nc6 3.Bb5 Nf6 4.d3 Bc5 5.c3 O-O 6.Nbd2 d6 7.O-O Bd7 8.b4 Bb6
9.Ba4 Ne7 10.Bb3 a6 11.Nc4 Ba7 12.Be3 Ng6 13.Bxa7 Rxa7 14.Ne3 Re8 15.Re1 h6
16.a4 Be6 17.a5 Ra8 18.Bc2 d5 19.c4 d4 20.Nd5 Nd7 21.c5 c6 22.Nb6 Rb8 23.Bb3 Nxb6
24.axb6 Bg4 25.h3 Bxf3 26.Qxf3 Nf4 27.Kh2 Qh4 28.Bc4 g6 29.Rh1 Kg7 30.g3 Qh5
31.Qxh5 Nxh5 32.Bxa6 bxa6 33.Rxa6 Re7 34.Rha1 Nf6 35.Ra7 Reb7 36.Rxb7 Rxb7
37.Ra7 Rb8 38.Rc7 Kf8 39.f4 Ne8 40.Rxc6 exf4 41.gxf4 Ke7 42.b5 Ra8 43.b7 Rb8
44.Rb6 Kd8 45.c6 Kc7 46.Ra6 Nd6 47.Ra5 g5 48.fxg5 hxg5 49.e5 Nf5 50.Ra8 Rxb7
51.cxb7 Kxb7 52.Rf8  1-0

[Event "chess.com Speed 2020"]
[Site "chess.com INT"]
[Date "2020.11.12"]
[Round "1.18"]
[White "Martirosyan,Haik M."]
[Black "Nakamura,Hi"]
[Result "0-1"]
[WhiteElo "2622"]
[BlackElo "2736"]

1.d4 Nf6 2.Nf3 e6 3.c4 d5 4.Nc3 Be7 5.Bf4 O-O 6.e3 Nbd7 7.Be2 dxc4 8.O-O a6
9.a4 b6 10.Bxc4 Bd6 11.Bg5 h6 12.Bh4 Bb7 13.d5 exd5 14.Bxd5 Qc8 15.e4 Re8
16.Re1 Bxd5 17.Nxd5 Nxe4 18.Qc2 Qb7 19.Rad1 Nec5 20.Rxe8+ Rxe8 21.b4 Ne6
22.Bg3 Bxg3 23.hxg3 c5 24.b5 axb5 25.axb5 Nd4 26.Nxd4 Qxd5 27.Nf5 Qe6 28.Nd6 Ra8
29.Nc4 Nf6 30.f3 g6 31.Kh2 Nd5 32.Qd2 Ne7 33.Qf4 Ra4 34.Qb8+ Kg7 35.Nxb6 Ra2
36.Nd7 Ng8 37.Qf8+ Kh7 38.Qd8 Qe2 39.Rg1 Qxf3 40.Qh4 Qd5 41.Nb6 Qb3 42.Qf4 Qe6  0-1

[Event "chess.com Speed 2020"]
[Site "chess.com INT"]
[Date "2020.11.12"]
[Round "1.22"]
[White "Martirosyan,Haik M."]
[Black "Nakamura,Hi"]
[Result "1/2-1/2"]
[WhiteElo "2622"]
[BlackElo "2736"]

1.d4 Nf6 2.Nf3 e6 3.c4 d5 4.Nc3 Be7 5.Bf4 O-O 6.e3 Nbd7 7.Be2 dxc4 8.O-O a6
9.a4 b6 10.Bxc4 Bd6 11.Bxd6 cxd6 12.Bd3 Bb7 13.e4 e5 14.Re1 Re8 15.Qd2 exd4
16.Nxd4 d5 17.exd5 Nxd5 18.Rxe8+ Qxe8 19.Re1 Qf8 20.Nf5 Nxc3 21.Qxc3 Nf6
22.Qc7 Bd5 23.Qxb6 Rb8 24.Qxa6 Qb4 25.Re2 Be6 26.Ne3 Qd4 27.h3 g6 28.Bc4 Rb6
29.Qa8+ Kg7 30.Bxe6 Rxe6 31.Qa5 Ne4 32.Qe1 Qxa4 33.Nd5 Qd4 34.Nc3 Nc5 35.Rxe6 Nxe6
36.Qe3 Qxe3 37.fxe3 Kf6 38.Kf2 Nc5 39.Kf3 Ke5 40.b4 Nd7 41.h4 h5 42.Ne2 Nb6
43.Nd4 Nc4 44.b5 Nb6 45.g3 Nc4 46.Nc6+ Kd5 47.Kf4 f6 48.Ne7+ Ke6 49.Nxg6 Kf7
50.Nh8+ Kg7 51.Kf5 Nd6+ 52.Ke6 Nxb5 53.Nf7 Nc7+ 54.Kd6 Nb5+ 55.Ke7 Nc3 56.Nd6 Nd5+
57.Ke6 Nxe3 58.Ne4 f5 59.Nd6 Kg6 60.Ke5 Ng4+ 61.Kf4 Nh6 62.Nc4 Kf6 63.Ne3 Kg6
64.Kf3 Nf7 65.Kf4 Nh6 66.Nd5 Ng8 67.Ke3 Kf7 68.Nf4 Nf6 69.Kd4 Ne4 70.Nxh5 Kg6
71.Nf4+ Kf6 72.Nd5+ Kg7 73.g4 Nd2 74.Ke3 Nc4+ 75.Kd4 Nd2 76.gxf5 Nf3+ 77.Ke4 Nxh4
78.f6+ Kf7 79.Ne3 Kxf6  1/2-1/2

[Event "chess.com Speed 2020"]
[Site "chess.com INT"]
[Date "2020.11.12"]
[Round "1.23"]
[White "Nakamura,Hi"]
[Black "Martirosyan,Haik M."]
[Result "1-0"]
[WhiteElo "2736"]
[BlackElo "2622"]

1.d4 Nf6 2.Nf3 e6 3.c4 b6 4.g3 Ba6 5.b3 Bb4+ 6.Bd2 Be7 7.Nc3 d5 8.cxd5 exd5
9.Bg2 O-O 10.O-O Re8 11.Ne5 Bb7 12.Rc1 Nbd7 13.Bg5 h6 14.Bxf6 Nxf6 15.e3 Bd6
16.f4 c5 17.Qd2 cxd4 18.exd4 Rc8 19.Qd3 Bb4 20.Bh3 Rxc3 21.Rxc3 Ba6 22.Qxa6 Bxc3
23.Qd3 Bb4 24.Rc1 Ba3 25.Rc2 Qd6 26.Qb5 Rf8 27.Bg2 h5 28.Bf3 g6 29.Rc6 Qd8
30.Kg2 Kg7 31.Qa4 Bb2 32.Rc2 Ba1 33.Qxa7 Qa8 34.Qxb6 Rb8 35.Qc5 Rd8 36.a4 Ne4
37.Qe7 Nd6 38.Nc6 Nf5 39.Qe5+ Kh6 40.Nxd8 Qxd8 41.Rd2 Bc3 42.Rd3 Bb4 43.Qxd5 Qe7
44.Qe5 Qc7 45.Qh8+  1-0

[Event "chess.com Speed 2020"]
[Site "chess.com INT"]
[Date "2020.11.12"]
[Round "1.310"]
[White "Martirosyan,Haik M."]
[Black "Nakamura,Hi"]
[Result "0-1"]
[WhiteElo "2622"]
[BlackElo "2736"]

1.d4 g6 2.Nf3 Bg7 3.c4 d6 4.Nc3 Nc6 5.e3 Nf6 6.Be2 O-O 7.d5 Nb8 8.O-O e5
9.e4 Nh5 10.Ne1 Nf4 11.Nd3 Nxe2+ 12.Qxe2 f5 13.f3 f4 14.c5 g5 15.h3 h5 16.cxd6 cxd6
17.Nf2 Nd7 18.b3 Rf6 19.Ba3 Rg6 20.Rac1 a6 21.Rfd1 Nf6 22.Rd3 g4 23.hxg4 hxg4
24.fxg4 Nxg4 25.Nxg4 Bxg4 26.Qf2 Bf6 27.Na4 Bh4 28.Qb6 Qg5 29.Qxb7 Rf8 30.Rc2 Bg3  0-1

[Event "Titled Tuesday 17th Nov"]
[Site "chess.com INT"]
[Date "2020.11.17"]
[Round "1"]
[White "Skatchkov,Valery"]
[Black "Nakamura,Hi"]
[Result "0-1"]
[WhiteElo "2281"]
[BlackElo "2736"]

1.d4 g6 2.e3 Bg7 3.Nf3 d6 4.c4 Nd7 5.Nc3 e5 6.b3 Ngf6 7.Bb2 O-O 8.Be2 Re8
9.O-O e4 10.Nd2 Nf8 11.b4 h5 12.Qc2 Bf5 13.Rfc1 h4 14.h3 N8h7 15.Qd1 Ng5
16.a4 Qd7 17.b5 c5 18.bxc6 bxc6 19.Bf1 c5 20.dxc5 dxc5 21.Nd5 Nxd5 22.Bxg7 Nxe3
23.fxe3 Kxg7 24.Nb3 Qc7 25.Qe1 Rab8 26.Rab1 Qe7 27.Rd1 Ne6 28.Rd5 Qg5 29.Kh1 Qg3
30.Qc3+ Kg8 31.Rbd1 Nf4 32.Nxc5 Nxd5 33.cxd5 Qd6 34.Qd4 Rec8 35.Nxe4 Bxe4
36.Qxe4 Rb4 37.Qf3 Rxa4 38.e4 Qe5 39.Bb5 Rxe4 40.Rf1 Rf8 41.d6 Qxb5 42.d7  0-1

[Event "Titled Tuesday 17th Nov"]
[Site "chess.com INT"]
[Date "2020.11.17"]
[Round "2"]
[White "Nakamura,Hi"]
[Black "Rakhimzhan,Alen"]
[Result "1-0"]
[WhiteElo "2736"]
[BlackElo "2273"]

1.Nf3 Nf6 2.b3 d5 3.Bb2 e6 4.e3 Be7 5.d4 O-O 6.c4 c6 7.Nbd2 b6 8.Bd3 Bb7
9.O-O Nbd7 10.Qe2 a5 11.e4 dxe4 12.Nxe4 Nxe4 13.Bxe4 Nf6 14.Bc2 a4 15.Rad1 axb3
16.axb3 Ra2 17.Bb1 Ra5 18.Rd3 b5 19.c5 b4 20.Ne5 Qc7 21.Rh3 h6 22.Re1 Ba6
23.Qf3 Bb5 24.Qg3 Kh8 25.Nxf7+  1-0

[Event "Titled Tuesday 17th Nov"]
[Site "chess.com INT"]
[Date "2020.11.17"]
[Round "3"]
[White "Deepan,C"]
[Black "Nakamura,Hi"]
[Result "1-0"]
[WhiteElo "2535"]
[BlackElo "2736"]

1.e4 g6 2.d4 Bg7 3.Nc3 d6 4.Be3 a6 5.a4 b6 6.g3 Bb7 7.Bg2 Nd7 8.Nge2 e5 9.O-O Ngf6
10.h3 O-O 11.g4 b5 12.g5 Nh5 13.axb5 axb5 14.Nxb5 Rxa1 15.Qxa1 Bc6 16.Qa6 Nb6
17.dxe5 dxe5 18.Nxc7 Qxc7 19.Qxb6 Qc8 20.Rd1 Bd7 21.Kh2 Qxc2 22.Rd2 Qc8 23.Qc5 Be6
24.Qxc8 Rxc8 25.h4 Rb8 26.Bh3 Bc4 27.Bg4 Bf8 28.Bxh5 gxh5 29.Ng3 Bb4 30.Rc2 Bd3
31.Rc7 Bf8 32.Bc5 Bxc5 33.Rxc5 Rxb2 34.Rc8+ Kg7 35.Nf5+ Kg6 36.Rg8+  1-0

[Event "Titled Tuesday 17th Nov"]
[Site "chess.com INT"]
[Date "2020.11.17"]
[Round "4"]
[White "Nakamura,Hi"]
[Black "Ghimpu,Samuel-Timotei"]
[Result "1-0"]
[WhiteElo "2736"]
[BlackElo "2313"]

1.e4 e6 2.d4 d5 3.Nd2 c5 4.exd5 Qxd5 5.Ngf3 cxd4 6.Bc4 Qd7 7.O-O Nc6 8.Nb3 a6
9.Qe2 Nf6 10.Rd1 b5 11.Bd3 Bd6 12.a4 b4 13.Nbxd4 Nxd4 14.Nxd4 O-O 15.Bg5 Qc7
16.Bxf6 gxf6 17.Bxh7+ Kxh7 18.Qh5+ Kg7 19.Qg4+ Kh7 20.Rd3 Bf4 21.Rh3+ Bh6
22.Qh4  1-0

[Event "Titled Tuesday 17th Nov"]
[Site "chess.com INT"]
[Date "2020.11.17"]
[Round "5"]
[White "Nakamura,Hi"]
[Black "Taboas Rodriguez,D"]
[Result "1-0"]
[WhiteElo "2736"]
[BlackElo "2367"]

1.e4 e6 2.d4 d5 3.Nd2 Nc6 4.Ngf3 Nf6 5.e5 Ne4 6.c3 f5 7.exf6 Nxf6 8.Bb5 Bd6
9.O-O O-O 10.Re1 a6 11.Bxc6 bxc6 12.Nb3 a5 13.Bg5 a4 14.Nc5 a3 15.b4 Qe8
16.Bxf6 Rxf6 17.Ne5 Rh6 18.Re3 Ba6 19.f4 Bb5 20.g3 Rh5 21.Nf3 Bc4 22.Rxe6 Qf7
23.Qe1 Rf8 24.Ne5 Qf5 25.Nxc4 dxc4 26.Qe2 Qh3 27.Nd7 Rf7 28.Rxd6 Qxh2+ 29.Qxh2 Rxh2
30.Nf6+ gxf6 31.Rd8+  1-0

[Event "Titled Tuesday 17th Nov"]
[Site "chess.com INT"]
[Date "2020.11.17"]
[Round "6"]
[White "Harsha,B"]
[Black "Nakamura,Hi"]
[Result "1/2-1/2"]
[WhiteElo "2509"]
[BlackElo "2736"]

1.d4 g6 2.c4 Bg7 3.Nc3 c5 4.Nf3 Nc6 5.e3 Nf6 6.d5 Na5 7.Bd3 d6 8.O-O O-O
9.Rb1 a6 10.e4 Bg4 11.h3 Bxf3 12.Qxf3 Nd7 13.Qe2 Ne5 14.Bd2 Rb8 15.b3 Qd7
16.Na4 Naxc4 17.Bxc4 b5 18.Nb2 bxc4 19.Nxc4 Nxc4 20.Qxc4 Rb5 21.Rfe1 Rfb8
22.Bc3 Bxc3 23.Qxc3 a5 24.e5 Qf5 25.exd6 exd6 26.Rbd1 Rb4 27.Re7 Rf8 28.Rde1 Qxd5
29.Rd7 a4 30.Qf6 axb3 31.axb3 Qd4 32.Qxd6 Qxd6 33.Rxd6 Rxb3 34.Rc6 Rc3 35.Re5 Rc1+
36.Kh2 Rc2 37.f3 c4 38.Rec5 Re8 39.Rxc4 Rxc4 40.Rxc4 h5 41.h4 Ra8 42.Kg3 Kg7
43.Rd4 Ra6 44.Rc4 Rd6 45.Rb4 Rd1 46.Rb6 Rh1 47.Rc6 Rd1 48.Ra6 Rd5 49.Rb6 Ra5
50.Rc6 Ra4 51.Rb6 Rc4 52.Ra6 Rb4 53.Rc6 Rb3 54.Ra6 Rb5 55.Rc6 Ra5 56.Rb6 Ra7
57.Rc6 f6 58.Rd6 Rb7 59.Rc6 g5 60.hxg5 fxg5 61.Ra6 Rb5 62.Rc6 Kf7 63.Ra6 Rb4
64.Ra7+ Kf6 65.Ra6+ Kf5 66.Ra5+ Kg6 67.Ra6+ Kg7 68.Ra7+ Kg8 69.Ra5 g4 70.Rxh5 gxf3
71.gxf3 Kg7 72.Ra5 Kf6 73.Ra6+ Kf5 74.Ra5+ Kf6 75.f4 Rb1 76.Ra6+ Kf5 77.Ra5+ Ke6
78.Kg4 Rg1+ 79.Kf3 Rf1+ 80.Ke3 Re1+ 81.Kd4 Rd1+ 82.Ke4 Re1+ 83.Kf3 Rf1+ 84.Ke3 Kf6
85.Ra6+ Kf5 86.Ra5+ Kf6 87.Ke4 Rb1 88.Ra6+ Kf7 89.Kf5 Rb5+ 90.Kg4 Rc5 91.Ra7+ Kf6
92.Ra6+ Kf7 93.f5 Rc1 94.Ra7+ Kf8 95.Ra6 Kf7 96.Ra7+ Kf8 97.Kf4 Rc6 98.Kg5 Rb6
99.Rc7 Ra6 100.f6 Ra1 101.Rc8+ Kf7 102.Rc7+ Kf8 103.Rc8+ Kf7 104.Rc7+ Kf8  1/2-1/2

[Event "Titled Tuesday 17th Nov"]
[Site "chess.com INT"]
[Date "2020.11.17"]
[Round "7"]
[White "Nakamura,Hi"]
[Black "Durarbayli,V"]
[Result "1-0"]
[WhiteElo "2736"]
[BlackElo "2606"]

1.Nf3 c5 2.b3 d5 3.e3 a6 4.Bb2 Nc6 5.d4 cxd4 6.Nxd4 Nf6 7.Nxc6 bxc6 8.Nd2 g6
9.Bd3 Bg7 10.c4 O-O 11.Qc2 a5 12.O-O a4 13.b4 a3 14.Bd4 Qd6 15.c5 Qb8 16.Nf3 Qxb4
17.Rab1 Qa5 18.Ne5 Ng4 19.Nxg4 Bxg4 20.Bxg7 Kxg7 21.Rb6 Rfc8 22.Rfb1 Rc7
23.R1b4 Bc8 24.e4 Ba6 25.Bxa6 Rxa6 26.h4 Raa7 27.h5 dxe4 28.Rxe4 Rd7 29.Reb4 Rd5
30.hxg6 hxg6 31.Qc3+ f6 32.Rxc6 Rad7 33.Rc4 Qb5 34.Rb6 Rh5 35.g4 Rd1+ 36.Kg2 Qd7
37.gxh5 Qd5+ 38.Qf3 Rg1+ 39.Kxg1 Qxf3 40.Rb1 Qe2 41.Rbc1 Qxa2 42.c6 Qb2 43.c7 a2
44.c8=Q a1=Q 45.Rxa1 Qxa1+ 46.Rc1 Qe5 47.hxg6 Qg5+ 48.Kf1 Qb5+ 49.Qc4 Qe5
50.Qf7+ Kh6 51.Qh7+ Kg5 52.g7 Qb5+ 53.Kg1 Kf4 54.g8=Q  1-0

[Event "Titled Tuesday 17th Nov"]
[Site "chess.com INT"]
[Date "2020.11.17"]
[Round "8"]
[White "Obgolts,Erik"]
[Black "Nakamura,Hi"]
[Result "0-1"]
[WhiteElo "2371"]
[BlackElo "2736"]

1.d4 g6 2.Nf3 Bg7 3.g3 d6 4.Bg2 Nc6 5.O-O Bd7 6.d5 Ne5 7.Nxe5 Bxe5 8.c3 Qc8
9.f4 Bg7 10.e4 c6 11.dxc6 Bxc6 12.Qe2 Nf6 13.Nd2 O-O 14.Re1 e5 15.fxe5 dxe5
16.Nb3 Qc7 17.Bg5 h6 18.Bxf6 Bxf6 19.Rad1 a5 20.Qf2 Be7 21.Nc1 Kg7 22.Kh1 Bd7
23.Bf3 Be6 24.a3 Rad8 25.Kg2 b5 26.Rxd8 Rxd8 27.Rd1 Rxd1 28.Bxd1 b4 29.axb4 axb4
30.Qc2 Qd7 31.Bf3 Bh3+ 32.Kf2 Qa7+ 33.Ke2 Qg1  0-1

[Event "Titled Tuesday 17th Nov"]
[Site "chess.com INT"]
[Date "2020.11.17"]
[Round "9"]
[White "Nakamura,Hi"]
[Black "Moskalenko,A"]
[Result "1-0"]
[WhiteElo "2736"]
[BlackElo "2515"]

1.Nf3 d5 2.e3 Nf6 3.c4 c6 4.d4 Bf5 5.Nc3 e6 6.Nh4 Be4 7.f3 Bg6 8.Qb3 Qc7
9.Bd2 Nbd7 10.cxd5 exd5 11.g4 Qb6 12.g5 Ng8 13.O-O-O Bd6 14.e4 Ne7 15.Bh3 dxe4
16.Nxe4 Bxe4 17.fxe4 Qxb3 18.axb3 Nb6 19.Kc2 O-O 20.Bc3 Rfe8 21.Bf1 Rad8
22.Bd3 Bc7 23.b4 a6 24.Ng2 Ng6 25.h4 Nf4 26.Nxf4 Bxf4 27.Rh3 Bd6 28.Rf3 Bf8
29.Rdf1 Rd7 30.Kb3 g6 31.h5 Bg7 32.e5 Nd5 33.Bc4 Ree7 34.Be1 Nc7 35.Bc3 Ne6
36.h6 Bf8 37.Rxf7 Rxf7 38.Bxe6 Re7 39.Rxf7 Rxf7 40.Kc4 Be7 41.Bd2 Kf8 42.Bxf7 Kxf7
43.d5 cxd5+ 44.Kxd5 Bf8 45.e6+ Ke8 46.Ke4 Bd6 47.Kd5 Be7 48.Ke5 Kf8 49.Kd4 Ke8
50.Kc4 Kd8 51.b5 Kc7 52.Bf4+ Kb6 53.Be3+ Kc7 54.bxa6 bxa6 55.Kd5 Kd8 56.Kc6 Bb4
57.Bd4 Ke7 58.Kd5 Bc5 59.Bf6+  1-0

[Event "Titled Tuesday 17th Nov"]
[Site "chess.com INT"]
[Date "2020.11.17"]
[Round "10"]
[White "Vidit,S"]
[Black "Nakamura,Hi"]
[Result "0-1"]
[WhiteElo "2726"]
[BlackElo "2736"]

1.c4 e5 2.g3 Nf6 3.Bg2 d5 4.cxd5 Nxd5 5.Nc3 Nb6 6.d3 Be7 7.Nf3 Nc6 8.O-O O-O
9.Be3 Be6 10.Rc1 Re8 11.a3 Bf8 12.Ne4 a5 13.Bc5 Bd6 14.Nfg5 Ba2 15.Nxd6 cxd6
16.Be3 Nd5 17.Bd2 a4 18.Ne4 Bb3 19.Qe1 f5 20.Nc3 Nf6 21.Bg5 h6 22.Bxf6 Qxf6
23.Nd5 Qf7 24.Nb4 Nd4 25.e3 Ne6 26.f4 exf4 27.gxf4 Nc5 28.Rc3 Kh7 29.Qf2 Re7
30.Nc2 Rae8 31.Re1 Bxc2 32.Qxc2 Rxe3 33.Rxe3 Rxe3 34.d4 Rxc3 35.bxc3 Ne6
36.Qd2 Qg6 37.Kf2 Qg4 38.Bxb7 Nxf4 39.Bf3 Nh3+ 40.Ke2 Ng1+  0-1

[Event "Titled Tuesday 17th Nov"]
[Site "chess.com INT"]
[Date "2020.11.17"]
[Round "11"]
[White "Nakamura,Hi"]
[Black "Drygalov,Andrey"]
[Result "1-0"]
[WhiteElo "2736"]
[BlackElo "2493"]

1.e4 c5 2.Nf3 d6 3.Bb5+ Nd7 4.Ba4 g6 5.c3 Nf6 6.Qe2 Bg7 7.O-O O-O 8.d4 e5
9.dxe5 Nxe5 10.Nxe5 dxe5 11.Rd1 Qc7 12.c4 Be6 13.Nc3 Ne8 14.Nd5 Bxd5 15.Rxd5 Nf6
16.Rd1 Rfd8 17.f3 Rxd1+ 18.Qxd1 Rd8 19.Qe2 Qa5 20.Bc2 Nd7 21.Bg5 Bf6 22.Bd2 Qb6
23.Bc3 Nb8 24.Ba4 Qa6 25.Bb5 Qe6 26.Rd1 Nc6 27.Rxd8+ Bxd8 28.Bxc6 bxc6 29.Qd3 Bc7
30.Kf1 Qd6 31.Qc2 f6 32.Ke2 Kf7 33.Bd2 Bb6 34.Be3 Ke6 35.b4 Qe7 36.b5 Qd6
37.Qa4 Kd7 38.Qa6 Qc7 39.Qa4 Qd6 40.Qb3 Ke6 41.Qc3 Kd7 42.a4 Qc7 43.Qd3+ Ke6
44.Bf2 Qd6 45.Qb3 f5 46.Be3 Kf6 47.Qc3 Ke6 48.a5 Bc7 49.Qa3 Qd8 50.Qxc5 cxb5
51.Qc6+ Kf7 52.a6 bxc4 53.Qxc4+ Kf6 54.Qc6+ Kf7 55.Bxa7 Kg7 56.Be3 Bb8 57.Qb7+ Kg8
58.Qd5+ Qxd5 59.exd5 Kf7 60.a7 Bxa7 61.Bxa7 Ke7 62.Bc5+ Kf6 63.Ke3 g5 64.g4 h6
65.h3 Kg6 66.d6  1-0

[Event "Skilling Open Prelim"]
[Site "chess24.com INT"]
[Date "2020.11.22"]
[Round "1.3"]
[White "Nakamura,Hi"]
[Black "Duda,J"]
[Result "1/2-1/2"]
[WhiteElo "2736"]
[BlackElo "2743"]

1.e4 e5 2.Nf3 Nf6 3.d4 Nxe4 4.Bd3 d5 5.Nxe5 Nd7 6.O-O Nxe5 7.dxe5 Nc5 8.f4 g6
9.Be3 Nxd3 10.Qxd3 c6 11.Nd2 Be7 12.Qc3 O-O 13.Nb3 Bf5 14.Rad1 Rc8 15.Bc5 b6
16.Bxe7 Qxe7 17.Rfe1 Rfd8 18.Nd4 Qd7 19.Nxf5 Qxf5 20.Rf1 c5 21.Qd3 Qxd3 22.Rxd3 d4
23.Rfd1 f6 24.exf6 Rf8 25.c3 Rxf6 26.cxd4 Rxf4 27.dxc5 Rxc5 28.Rd7 Rf7 29.Rxf7 Kxf7
30.Rd7+ Kg8 31.Rd8+ Kg7 32.Rd7+ Kg8 33.Rd8+ Kg7 34.Rd7+ Kg8  1/2-1/2

[Event "Skilling Open Prelim"]
[Site "chess24.com INT"]
[Date "2020.11.22"]
[Round "2.7"]
[White "Ding Liren"]
[Black "Nakamura,Hi"]
[Result "1/2-1/2"]
[WhiteElo "2791"]
[BlackElo "2736"]

1.e4 e5 2.Nf3 Nc6 3.Bc4 Bc5 4.c3 Nf6 5.d3 d6 6.O-O h6 7.Re1 O-O 8.Nbd2 a5
9.Nf1 Be6 10.Bb5 Ne7 11.d4 exd4 12.cxd4 Bb6 13.Ng3 d5 14.e5 Ne4 15.Bd3 Nxg3
16.hxg3 Bg4 17.Be3 a4 18.Rc1 Qd7 19.a3 Rfe8 20.Kh2 Nf5 21.Bb1 Nxe3 22.Rxe3 Bf5
23.Ba2 c6 24.Nh4 Bh7 25.f4 Ra5 26.Bb1 Bxb1 27.Rxb1 Bd8 28.Nf3 Qg4 29.Ne1 Qxd1
30.Rxd1 Rb5 31.Re2 Bb6 32.g4 Rb3 33.Nd3 Rb5 34.Nb4 Ba5 35.Nd3 Bb6 36.Nb4 Ba5
37.Nd3 Bb6  1/2-1/2

[Event "Skilling Open Prelim"]
[Site "chess24.com INT"]
[Date "2020.11.22"]
[Round "3.2"]
[White "Nakamura,Hi"]
[Black "Giri,A"]
[Result "1/2-1/2"]
[WhiteElo "2736"]
[BlackElo "2764"]

1.e4 c5 2.Nf3 d6 3.d4 cxd4 4.Nxd4 Nf6 5.Nc3 a6 6.f4 e5 7.Nb3 Nc6 8.Be2 Be7
9.O-O O-O 10.Kh1 Re8 11.f5 b5 12.Bg5 Bb7 13.Bxf6 Bxf6 14.Nd5 Nd4 15.c4 Rc8
16.Nxd4 exd4 17.cxb5 axb5 18.Bd3 Bxd5 19.exd5 b4 20.Qd2 Re3 21.Rae1 Qb6 22.Rc1 Rce8
23.Bc4 h5 24.Rcd1 h4 25.Rfe1 h3 26.gxh3 Qc5 27.b3 d3 28.Rxe3 Rxe3 29.Bxd3 Rxh3
30.Bf1 Rc3 31.Bc4 Be5 32.Re1 Rh3 33.Re2 Rh5 34.Qd3 Qc8 35.Rf2 Qd8 36.f6 Bxf6
37.Qf3 Rh4 38.Bd3 Qe8 39.Qf5 Be5 40.Qg5 Rh6 41.Rg2 Bd4 42.Re2 Be5 43.Rg2 Bd4
44.Re2 Be5 45.Rg2  1/2-1/2

[Event "Skilling Open Prelim"]
[Site "chess24.com INT"]
[Date "2020.11.22"]
[Round "4.8"]
[White "Karjakin,Sergey"]
[Black "Nakamura,Hi"]
[Result "0-1"]
[WhiteElo "2752"]
[BlackElo "2736"]

1.e4 e5 2.Bc4 Nc6 3.Nc3 Nf6 4.d3 Bb4 5.Nf3 d6 6.O-O Bxc3 7.bxc3 Be6 8.Bb3 h6
9.Re1 O-O 10.h3 Ne7 11.Nh4 c5 12.Qf3 Kh7 13.g4 Nfg8 14.g5 c4 15.dxc4 Rc8
16.Nf5 Qd7 17.c5 dxc5 18.Rd1 Qc6 19.Nxe7 Nxe7 20.gxh6 c4 21.hxg7 Kxg7 22.Ba3 Ng6
23.Bxf8+ Rxf8 24.h4 Nxh4 25.Qg3+ Ng6 26.f3 cxb3 27.axb3 Rh8 28.c4 Qc5+ 29.Kf1 Kf6
30.Qg1 Bh3+ 31.Ke2 Nf4+ 32.Kd2 Rd8+  0-1

[Event "Skilling Open Prelim"]
[Site "chess24.com INT"]
[Date "2020.11.22"]
[Round "5.1"]
[White "Nakamura,Hi"]
[Black "Vachier Lagrave,M"]
[Result "1/2-1/2"]
[WhiteElo "2736"]
[BlackElo "2784"]

1.e4 c5 2.Nf3 d6 3.d4 cxd4 4.Nxd4 Nf6 5.Nc3 Nc6 6.Bg5 e6 7.Qd2 a6 8.O-O-O Bd7
9.f4 Be7 10.Nf3 b5 11.e5 b4 12.exf6 bxc3 13.Qxc3 gxf6 14.Bh4 Rg8 15.Kb1 Rb8
16.h3 Qa5 17.Qxa5 Nxa5 18.Bxa6 Rxg2 19.Rhg1 Rg6 20.f5 exf5 21.Bg3 Nc6 22.Bxd6 Bxd6
23.Rxd6 Rxg1+ 24.Nxg1 Ke7 25.Rd1 f4 26.Rf1 Rg8 27.Ne2 Bxh3 28.Re1 f3 29.Ng1+ Be6
30.Nxf3 Nb4 31.Bb5 Nxa2 32.c3 Rg3 33.Nd4 Nxc3+ 34.Kc2 Nxb5 35.Nf5+ Kd7 36.Nxg3 f5
37.Rf1 Kd6 38.Kd3 Ke5 39.Nh5 Bd5 40.Rc1 Nd4 41.Rc5 Nb3 42.Rb5 Nd4 43.Rb8 Ne6
44.Rb5 Nd4 45.Rc5 Nb3 46.Rb5 Nd4  1/2-1/2

[Event "Skilling Open Prelim"]
[Site "chess24.com INT"]
[Date "2020.11.23"]
[Round "6.8"]
[White "Nakamura,Hi"]
[Black "Le Quang Liem"]
[Result "0-1"]
[WhiteElo "2736"]
[BlackElo "2709"]

1.c4 Nf6 2.Nc3 e5 3.Nf3 Nc6 4.g3 d5 5.cxd5 Nxd5 6.Bg2 Nb6 7.O-O Be7 8.a3 O-O
9.b4 Re8 10.d3 Bf8 11.Re1 a5 12.b5 Nd4 13.Nd2 a4 14.Rb1 Ra7 15.e3 Ne6 16.Nf3 Ng5
17.Nxg5 Qxg5 18.Bb2 Be6 19.Ne4 Qd8 20.f4 f5 21.Ng5 Ba2 22.Ra1 Bb3 23.Qh5 h6
24.Nf3 exf4 25.gxf4 Ra5 26.Nd4 Bf7 27.Qh3 Nd5 28.Qg3 Qf6 29.Rac1 Rxb5 30.Nxb5 Qxb2
31.Bxd5 Bxd5 32.Nxc7 Rxe3 33.Nxd5 Rxg3+ 34.hxg3 Qd4+ 35.Ne3 Bxa3 36.Rc4 Qd7
37.Kf2 b5 38.Rc2 b4 39.Ra1 b3 40.Rxa3 bxc2 41.Nxc2 Qb5 42.Ke2 Qc5 43.Ra2 Qd5
44.Rxa4 Qg2+ 45.Kd1 Qxg3 46.Kd2 h5  0-1

[Event "Skilling Open Prelim"]
[Site "chess24.com INT"]
[Date "2020.11.23"]
[Round "7.2"]
[White "Vidit,S"]
[Black "Nakamura,Hi"]
[Result "1/2-1/2"]
[WhiteElo "2726"]
[BlackElo "2736"]

1.d4 Nf6 2.c4 e6 3.Nf3 d5 4.Nc3 Be7 5.Bf4 O-O 6.e3 Nbd7 7.Be2 dxc4 8.O-O Nb6
9.a4 a5 10.Ne5 Nfd5 11.Bg3 c5 12.Nxc4 Nxc4 13.Bxc4 cxd4 14.exd4 Bb4 15.Rc1 Nb6
16.Bb3 Bd7 17.d5 Bxc3 18.Rxc3 Nxd5 19.Bxd5 exd5 20.Qxd5 Bc6 21.Qxd8 Rfxd8
22.b3 Rd5 23.h3 h5 24.Rfc1 Rad8 25.h4 f6 26.Bc7 R8d7 27.Bb6 Re5 28.Re3 Rxe3
29.Bxe3 Rd3 30.Rc5 g6 31.Rxa5 Rxb3 32.Ra8+ Kf7 33.a5 Ra3 34.Bf4 Ra4 35.Bg3 g5
36.hxg5 fxg5 37.f3 Ra1+ 38.Kh2 Ra2 39.Kg1 g4 40.Bf2 gxf3 41.gxf3 Bxf3 42.Bc5 Bc6
43.Bb6 Kg7 44.Bd4+ Kg6 45.Rg8+ Kf5 46.Rf8+ Kg4 47.Bb6 Rg2+ 48.Kf1 Rc2 49.Kg1 Bd5
50.Rf2 Rc6 51.Rd2 Be4 52.Kf2 h4 53.Ke3 Re6 54.Rd4 h3 55.Bc7 Kf5 56.Bh2 Bc6+
57.Kf2 Rg6 58.Ke3 Rg2 59.Rd2 Rg8 60.Rf2+ Ke6 61.Ra2 Bd5 62.Rb2 Ra8 63.Rb6+ Kf7
64.Rb5 Bg2 65.Kf2 Ke6 66.Rh5 Rf8+ 67.Ke3 Rf3+ 68.Kd4 Ra3 69.Kc4 Kf6 70.Kb4 Ra2
71.Bb8 Kg6 72.Rh8 Kf5 73.Kb3 Ra1 74.Kb2 Rd1 75.Kc3 Ke4 76.Rh6 Ke3 77.a6 bxa6
78.Rxa6 Rc1+ 79.Kb2 Rc8 80.Bh2 Be4 81.Ra3+ Bd3 82.Kb3 Rc1 83.Ra8 Rh1 84.Bd6 h2
85.Bxh2 Rxh2 86.Rd8 Rh5 87.Rb8 Rh1 88.Kb4 Rc1 89.Rb6 Bc4 90.Kc5 Bd3+ 91.Kd6 Kd4
92.Rb4+ Bc4 93.Rb7 Rh1 94.Re7 Rh6+ 95.Kc7 Kc5 96.Re5+ Bd5 97.Re7 Ra6 98.Kd8 Bc6
99.Rg7 Ra1 100.Ke7 Re1+ 101.Kf6 Kd6 102.Rg5 Be4 103.Rg3 Rf1+ 104.Kg5 Rf8
105.Kh4 Ke5 106.Kg5 Rh8 107.Kg4 Rf8 108.Kg5 Bf3 109.Kh4 Kf4 110.Rg4+ Ke3
111.Rg7 Kf4 112.Rg4+ Kf5 113.Rg5+ Kf6 114.Rg1 Rh8+ 115.Kg3 Be4 116.Kf4 Bf5
117.Rg2 Rh4+ 118.Ke3 Ke5 119.Rb2 Rh3+ 120.Kd2 Bd3 121.Kc3 Bf1+ 122.Kd2 Kd4
123.Ke1 Rh1 124.Kd2 Rh3 125.Ke1 Bc4 126.Kd2 Bb3 127.Kc1 Kc4 128.Rf2 Kc3 129.Rc2+ Kb4
130.Rf2 Rd3 131.Kb2 Bd5 132.Kc1 Ra3 133.Kd2 Kc5 134.Kc1 Kd4 135.Rd2+ Kc3  1/2-1/2